| 000 | 00588nam a2200193Ia 4500 | ||
|---|---|---|---|
| 003 | GCL | ||
| 008 | 140319s9999 xx 000 0 ara d | ||
| 040 |
_aGCL / _cGCL |
||
| 082 | 0 | 4 |
_a823 _bم خ |
| 100 | 1 | _aحلمى مراد | |
| 245 | 1 | 0 |
_aالخاطئة / _cحلمى مراد |
| 260 |
_a[S.N] : _bالمؤسسة العربية الحديثة |
||
| 490 |
_aكتابى _v0 |
||
| 650 | 0 | 4 | _aالادب |
| 650 | 0 | 4 | _aالقصص الاجتماعية |
| 650 | 0 | 4 | _aالقصص الانجليزية المترجمة |
| 650 | 0 | 4 | _aالادب العالمى المترجم |
| 942 |
_2ddc _cBK |
||
| 999 |
_c35237 _d35237 |
||